| 000 | 01121nam a22003377a 4500 | ||
|---|---|---|---|
| 001 | BR2011008034 | ||
| 003 | BR-BrBNA | ||
| 005 | 20230928103820.0 | ||
| 007 | ta | ||
| 008 | 230509b bl.||||| |||| 00| 0 por d | ||
| 040 |
_aBR-BrBNA _bpor _cBiblioteca Nacional de Agricultura |
||
| 041 | _a(Por) | ||
| 072 | _aE14 | ||
| 090 | _ E14 BR2011008034 | ||
| 110 | 1 | _aAssociação Nacional de Defesa vegetal, São Paulo, SP (Brasil) | |
| 110 | 1 |
_aAssociação Brasileira do Agronegócio, São Paulo, SP (Brasil) _9879 |
|
| 111 | 1 |
_aFórum Inovação: Agricultura e Alimentos para o Futuro Sustentável _cSão Paulo, SP (Brazil) _d15 Oct 2009 |
|
| 245 | 1 | _aFórum inovação: agricultura e alimentos para o futuro sustentável | |
| 260 | 3 |
_aSão Paulo, SP (Brasil): _c2009. |
|
| 300 | _a41 p. | ||
| 500 | _a40 illus.; 2 graphs.; 4 tables | ||
| 650 | _aINOVAÇÃO | ||
| 650 | _aAGRICULTURA | ||
| 650 | _aPESQUISA AGRÍCOLA | ||
| 650 | _aCONSUMO ALIMENTAR | ||
| 650 | _aSEGURANÇA ALIMENTAR | ||
| 650 | _aPRODUÇÃO DE ALIMENTOS | ||
| 650 | _aMERCADO | ||
| 909 |
_a202309 _bLucia _c55 _dLucia Elande |
||
| 942 | _cBK | ||
| 999 |
_c76763 _d76763 |
||